[Event "BL2-Nord 2223"]
[Site "Germany"]
[Date "2023.02.25"]
[Round "7.7"]
[White "Breutigam, Martin"]
[Black "Sarbok, Torsten"]
[Result "1/2-1/2"]
[WhiteElo "2358"]
[BlackElo "2333"]
[PlyCount "49"]
[EventDate "2022.10.22"]
[EventType "team-tourn"]
[EventRounds "10"]
[EventCountry "GER"]
[SourceTitle "EXT 2024"]
[Source "ChessBase"]
[SourceDate "2023.10.10"]
[SourceVersion "1"]
[SourceVersionDate "2023.10.10"]
[SourceQuality "1"]
[WhiteTeam "Werder Bremen II"]
[BlackTeam "Koenig Tegel"]
[WhiteTeamCountry "GER"]
[BlackTeamCountry "GER"]

1. d4 d5 2. Nf3 Nf6 3. e3 c6 4. h3 Bf5 5. g4 Be4 6. Nc3 h6 7. Nxe4 Nxe4 8. Bd3 Nd6 9. Ne5 e6 10. Qf3 Nd7 11. Bd2 Nxe5 12. dxe5 Nc8 13. 0-0-0 Qc7 14. Qg3 Nb6 15. f4 0-0-0 16. Ba5 Kb8 17. Kb1 f6 18. Rhf1 Be7 19. Rf3 Rdf8 20. Rdf1 fxe5 21. fxe5 Rxf3 22. Rxf3 Rf8 23. Rxf8+ Bxf8 24. Qf4 Qe7 25. Bxb6 1/2-1/2

[Event "Bundesliga 2122"]
[Site "Germany"]
[Date "2022.05.14"]
[Round "7.6"]
[White "Smeets, Jan"]
[Black "Sarbok, Torsten"]
[Result "1-0"]
[WhiteElo "2563"]
[BlackElo "2325"]
[PlyCount "81"]
[EventDate "2022.03.05"]
[EventType "team-tourn"]
[EventRounds "15"]
[EventCountry "GER"]
[SourceTitle "EXT 2023"]
[Source "ChessBase"]
[SourceDate "2022.10.05"]
[SourceVersion "1"]
[SourceVersionDate "2022.10.05"]
[SourceQuality "1"]
[WhiteTeam "Solingen"]
[BlackTeam "Koenig Tegel"]
[WhiteTeamCountry "GER"]
[BlackTeamCountry "GER"]

1. e4 c5 2. Nf3 d6 3. Bb5+ Nd7 4. c3 a6 5. Ba4 Ngf6 6. Bc2 e6 7. d4 Qc7 8. Qe2 Be7 9. 0-0 e5 10. a4 0-0 11. d5 Re8 12. a5 Nf8 13. Nbd2 Ng6 14. Nc4 Rb8 15. Nb6 Nh5 16. Nd2 Nhf4 17. Qd1 h6 18. Kh1 Nf8 19. Ndc4 Rd8 20. g3 N4g6 21. f4 exf4 22. gxf4 Bf6 23. Rg1 Kh8 24. Qh5 Nh7 25. Bd2 Qe7 26. Rae1 Bh4 27. Re2 Nf6 28. Qf3 Nh7 29. e5 dxe5 30. Bxg6 fxg6 31. Nxe5 Nf8 32. Nxc8 Rbxc8 33. Nxg6+ Nxg6 34. Rxe7 Nxe7 35. c4 Bf6 36. Qe4 Rc7 37. b4 Bd4 38. Rb1 Nc8 39. bxc5 Bxc5 40. Bc3 Bd6 41. Rg1 1-0

[Event "BL2-Nord 1819"]
[Site "Germany"]
[Date "2019.02.24"]
[Round "8.8"]
[White "Groetzbach, Julian"]
[Black "Sarbok, Torsten"]
[Result "0-1"]
[WhiteElo "2247"]
[BlackElo "2317"]
[PlyCount "88"]
[EventDate "2018.11.10"]
[EventType "team-tourn"]
[EventRounds "10"]
[EventCountry "GER"]
[SourceTitle "CBM 190 Extra"]
[Source "ChessBase"]
[SourceDate "2019.07.15"]
[SourceVersion "1"]
[SourceVersionDate "2019.07.15"]
[SourceQuality "1"]
[WhiteTeam "Hamburger SK II"]
[BlackTeam "Berlin Tegel"]
[WhiteTeamCountry "GER"]
[BlackTeamCountry "GER"]

1. e4 c6 2. d4 d5 3. exd5 cxd5 4. Bf4 e6 5. c3 Bd6 6. Bxd6 Qxd6 7. Bd3 Nc6 8. Nf3 Nf6 9. Nbd2 Bd7 10. 0-0 0-0 11. Qe2 Rfb8 12. a4 Be8 13. Ne5 Nd7 14. Nxd7 Bxd7 15. f4 Ne7 16. Nf3 Be8 17. Qc2 g6 18. Qe2 a6 19. Ne5 Kg7 20. Rf3 f6 21. Ng4 Bf7 22. Raf1 Rf8 23. Re3 Nf5 24. Rh3 h5 25. Ne3 Qd7 26. g4 hxg4 27. Qxg4 Rh8 28. Rff3 Rag8 29. Bc2 Kf8 30. Kf2 b5 31. Rxh8 Rxh8 32. Rh3 Rxh3 33. Qxh3 Nxe3 34. Qh8+ Ke7 35. Kxe3 bxa4 36. Qa8 Qb5 37. Qa7+ Kf8 38. Qc5+ Kg7 39. Qa3 Qf1 40. Bxa4 g5 41. fxg5 Qe1+ 42. Kf3 Bh5+ 43. Kg2 Qe2+ 44. Kg1 Qe3+ 0-1

[Event "BL2-Nord 1718"]
[Site "Germany"]
[Date "2017.10.22"]
[Round "2.8"]
[White "Buerckner, Hartmut"]
[Black "Sarbok, Torsten"]
[Result "0-1"]
[WhiteElo "2167"]
[BlackElo "2302"]
[PlyCount "88"]
[EventDate "2017.10.08"]
[EventType "team-tourn"]
[EventRounds "9"]
[EventCountry "GER"]
[SourceTitle "CBM 183 Extra"]
[Source "ChessBase"]
[SourceDate "2018.04.19"]
[SourceVersion "1"]
[SourceVersionDate "2018.04.19"]
[SourceQuality "1"]
[WhiteTeam "Oldenburg Union"]
[BlackTeam "Koenig Tegel"]
[WhiteTeamCountry "GER"]
[BlackTeamCountry "GER"]

1. c4 c6 2. Nf3 d5 3. b3 Nf6 4. Bb2 g6 5. g3 Bg7 6. Bg2 Bf5 7. d3 0-0 8. 0-0 Qd7 9. Re1 Na6 10. Nbd2 Bh3 11. Bh1 h6 12. Rc1 Qd8 13. a3 Ng4 14. Bxg7 Kxg7 15. cxd5 Qb6 16. d4 cxd5 17. b4 Nc7 18. Qb3 Rfd8 19. e3 Nf6 20. Ne5 Be6 21. Rc5 Na6 22. Rc3 Rac8 23. Rec1 Rxc3 24. Rxc3 Qb5 25. Qc2 Bf5 26. Qc1 Qe8 27. Bg2 Rc8 28. Bf1 Rxc3 29. Qxc3 Qa4 30. b5 Nb8 31. Qc5 Nbd7 32. Qxe7 Nxe5 33. dxe5 Nd7 34. Qd6 Be6 35. f4 Qd1 36. Qb4 b6 37. Kf2 Nc5 38. Be2 Qh1 39. Nf1 Ne4+ 40. Ke1 Qg1 41. g4 Qf2+ 42. Kd1 Bxg4 43. Bxg4 Qxf1+ 44. Qe1 Nf2+ 0-1

[Event "Bundesliga 1617"]
[Site "Germany"]
[Date "2016.10.16"]
[Round "2.7"]
[White "Naumann, Alexander"]
[Black "Sarbok, Torsten"]
[Result "1-0"]
[WhiteElo "2561"]
[BlackElo "2328"]
[PlyCount "85"]
[EventDate "2016.10.15"]
[EventType "team-tourn"]
[EventRounds "15"]
[EventCountry "GER"]
[SourceTitle "EXT 2017"]
[Source "ChessBase"]
[SourceDate "2016.10.25"]
[SourceVersion "1"]
[SourceVersionDate "2016.10.25"]
[SourceQuality "1"]
[WhiteTeam "Solingen"]
[BlackTeam "Koenig Tegel"]
[WhiteTeamCountry "GER"]
[BlackTeamCountry "GER"]

1. e4 c6 2. d4 d5 3. e5 Bf5 4. Nf3 e6 5. Be2 h6 6. 0-0 Nd7 7. Nbd2 g5 8. Ne1 Qb6 9. Nb3 Bg6 10. a4 Ne7 11. a5 Qc7 12. f4 gxf4 13. Bxf4 h5 14. Bg5 Nf5 15. Nf3 Be7 16. Bxe7 Kxe7 17. Qd2 Rag8 18. Bd3 h4 19. Nc1 Ke8 20. Ne2 Nf8 21. Nf4 Ne7 22. Nxg6 fxg6 23. Ng5 Nf5 24. c4 Qe7 25. cxd5 exd5 26. Bxf5 gxf5 27. Rxf5 Rg7 28. Raf1 Rhg8 29. Nf7 Ne6 30. Nd6+ Kd8 31. R1f2 Ng5 32. Rxg5 Rxg5 33. Nf7+ Ke8 34. Nxg5 Qxg5 35. Qxg5 Rxg5 36. Rf4 h3 37. g4 c5 38. dxc5 Rxe5 39. Kf2 d4 40. Rxd4 Rxc5 41. Kg3 Rxa5 42. Kxh3 Rb5 43. b4 1-0

[Event "BL2-Nord 1516"]
[Site "Germany"]
[Date "2016.03.14"]
[Round "8.6"]
[White "Sarbok, Torsten"]
[Black "Bruchmann, Stephan"]
[Result "0-1"]
[WhiteElo "2350"]
[BlackElo "2304"]
[PlyCount "110"]
[EventDate "2015.09.19"]
[EventType "team-tourn"]
[EventRounds "9"]
[EventCountry "GER"]
[SourceTitle "EXT 2017"]
[Source "ChessBase"]
[SourceDate "2016.10.25"]
[SourceVersion "1"]
[SourceVersionDate "2016.10.25"]
[SourceQuality "1"]
[WhiteTeam "Koenig Tegel"]
[BlackTeam "Pankow Rotation"]
[WhiteTeamCountry "GER"]
[BlackTeamCountry "GER"]

1. e4 c6 2. d4 d5 3. exd5 cxd5 4. Bd3 Nc6 5. c3 Qc7 6. h3 Nf6 7. Nf3 g6 8. 0-0 Bg7 9. Re1 0-0 10. Be3 Bf5 11. Bf1 Bxb1 12. Rxb1 a6 13. Qc1 b5 14. Bf4 Qb6 15. Bd3 Rac8 16. Qd2 e6 17. b4 Nd7 18. Qe2 Rfe8 19. Be3 Ne7 20. Rec1 Nf5 21. Bf4 Nd6 22. Bxd6 Qxd6 23. a4 e5 24. dxe5 Nxe5 25. axb5 Nc4 26. Qd1 axb5 27. Bxc4 Rxc4 28. Qd3 Qc6 29. Rd1 Rd8 30. Nd4 Bxd4 31. cxd4 Qd6 32. Qd2 Re8 33. Re1 Rxe1+ 34. Qxe1 Qe6 35. Qd2 Qe4 36. Rd1 Kg7 37. Qb2 Qc2 38. Qa1 Rxb4 39. Rc1 Qd3 40. Rd1 Qb3 41. Qc1 Rc4 42. Qd2 b4 43. h4 Qc2 44. Qe1 Qe4 45. Qxe4 dxe4 46. d5 Kf8 47. Ra1 Rc8 48. Kf1 b3 49. Ke2 b2 50. Rb1 Rc2+ 51. Ke3 Ke7 52. g4 f5 53. gxf5 gxf5 54. Kf4 Kf6 55. f3 Rf2 0-1

[Event "BL2-Nord 1415"]
[Site "Germany"]
[Date "2015.02.22"]
[Round "7.8"]
[White "Sarbok, Torsten"]
[Black "Knuth, Hannes"]
[Result "1-0"]
[WhiteElo "2367"]
[BlackElo "2323"]
[PlyCount "156"]
[EventDate "2014.09.21"]
[EventType "team-tourn"]
[EventRounds "9"]
[EventCountry "GER"]
[SourceTitle "CBM 166 Extra"]
[Source "ChessBase"]
[SourceDate "2015.06.18"]
[SourceVersion "1"]
[SourceVersionDate "2015.06.18"]
[SourceQuality "1"]
[WhiteTeam "Berlin Tegel"]
[BlackTeam "Schwerin"]
[WhiteTeamCountry "GER"]
[BlackTeamCountry "GER"]

1. e4 c5 2. Nf3 Nc6 3. Bb5 e6 4. 0-0 Nge7 5. Re1 a6 6. Bf1 d6 7. c3 g6 8. d4 Bg7 9. dxc5 dxc5 10. Be3 Qxd1 11. Rxd1 b6 12. Nbd2 Bb7 13. Nc4 Nc8 14. Bf4 b5 15. Nd6+ Nxd6 16. Bxd6 Bf8 17. Bxf8 Rxf8 18. Ng5 Ke7 19. Nxh7 Rfd8 20. Ng5 Ne5 21. f3 Rh8 22. Be2 f6 23. Nh3 g5 24. Nf2 Ng6 25. Bf1 Ne5 26. Nd3 Nd7 27. h3 Rhc8 28. Ne1 Nb6 29. Rac1 Rd8 30. Nd3 Nd7 31. b3 a5 32. Kf2 a4 33. b4 c4 34. Ne1 a3 35. Nc2 Bc6 36. Be2 Nb6 37. Rxd8 Kxd8 38. Nd4 Bd7 39. Bd1 e5 40. Ne2 Ke7 41. Bc2 Be6 42. Rh1 Rh8 43. Ng3 Nd7 44. Nf1 Nf8 45. Ne3 Ng6 46. g3 Kf7 47. Nf5 Rd8 48. Ke2 Ne7 49. Ne3 Nc6 50. Nd5 Bxd5 51. exd5 Ne7 52. Rc1 Nxd5 53. Be4 Ne7 54. Rd1 Rh8 55. Kf2 f5 56. Bd5+ Ke8 57. Be6 Rxh3 58. Kg2 Rh6 59. Bd7+ Kf8 60. Bxb5 Rb6 61. Rd8+ Kg7 62. Bxc4 Rc6 63. Bb3 Rxc3 64. Rd7 Kf6 65. b5 Rc5 66. b6 Rb5 67. b7 e4 68. f4 gxf4 69. gxf4 Rb4 70. Kf2 Rb5 71. Ke2 Rb4 72. Kd2 Rb6 73. Kc3 Nc6 74. Rd6+ Ke7 75. b8Q Rxb8 76. Rxc6 Kd7 77. Rf6 e3 78. Rxf5 e2 1-0

[Event "Bundesliga 1314"]
[Site "Germany"]
[Date "2014.03.16"]
[Round "12.6"]
[White "Sarbok, Torsten"]
[Black "Hirneise, Tobias"]
[Result "0-1"]
[WhiteElo "2367"]
[BlackElo "2440"]
[PlyCount "206"]
[EventDate "2013.10.12"]
[EventType "team-tourn"]
[EventRounds "15"]
[EventCountry "GER"]
[SourceTitle "CBM 160"]
[Source "ChessBase"]
[SourceDate "2014.05.15"]
[SourceVersion "1"]
[SourceVersionDate "2014.05.15"]
[SourceQuality "1"]
[WhiteTeam "Koenig Tegel"]
[BlackTeam "Wattenscheid"]
[WhiteTeamCountry "GER"]
[BlackTeamCountry "GER"]

1. e4 e5 2. Nf3 Nc6 3. Bb5 a6 4. Ba4 Nf6 5. Qe2 b5 6. Bb3 Bc5 7. d3 h6 8. c3 0-0 9. 0-0 Re8 10. Be3 Bf8 11. Rd1 d5 12. a4 Bb7 13. axb5 axb5 14. Rxa8 Bxa8 15. d4 exd4 16. Nxd4 Na5 17. Ba2 Nc4 18. Nxb5 Nxe3 19. fxe3 c6 20. Nd4 Nxe4 21. Nd2 c5 22. N4f3 Nf6 23. Nf1 Qb6 24. Bb1 Bd6 25. Rd2 Bb7 26. Bd3 Ng4 27. Nh4 Nf6 28. Qf2 Qc7 29. Nf5 Be5 30. Qh4 Bc8 31. Rf2 Bxf5 32. Bxf5 Qb6 33. Rd2 Ra8 34. Qe1 g6 35. Bd3 Kg7 36. Be2 d4 37. Bf3 Re8 38. Qf2 dxc3 39. bxc3 Bxc3 40. Rc2 Qb3 41. Rc1 Bb4 42. Qc2 Qa3 43. Rd1 h5 44. Qc4 Re7 45. h3 Qb2 46. Qb5 Qe5 47. Rd8 Re8 48. Rxe8 Nxe8 49. Qc6 Nd6 50. Qd5 Kf6 51. Qb3 Be1 52. Bd5 Kg7 53. Qd1 Bb4 54. Qd3 Qb2 55. Qa6 Qe5 56. Qd3 Qa1 57. Bb3 Qb2 58. Qc2 Qe5 59. Qd3 Ne4 60. Bd5 Nf6 61. Bb3 Qe7 62. Bc4 Nd7 63. Bb3 Ne5 64. Qd5 Be1 65. Qd1 Ba5 66. Qd5 Bc3 67. Ba2 Be1 68. Qd1 Qh4 69. Qe2 c4 70. Bb1 Ba5 71. Qb2 Qf6 72. Qe2 Qb6 73. Be4 c3 74. Kf2 Qb4 75. Bc2 Bb6 76. Qd1 Qb2 77. Ke2 Nc4 78. Qd3 Na3 79. Kd1 Bc7 80. Qd4+ Kh7 81. Qa4 Qa1+ 82. Ke2 Qc1 83. Bxg6+ Kxg6 84. Qc6+ Kg7 85. Qxc7 Qb2+ 86. Kf3 c2 87. Ng3 c1Q 88. Nxh5+ Kg8 89. Qd8+ Kh7 90. Qd3+ Kh6 91. Qd6+ Kh7 92. Qd3+ f5 93. Qxf5+ Kg8 94. Qe6+ Kf8 95. Nf4 Qc4 96. Qd6+ Ke8 97. Kg3 Qe4 98. Kh2 Nc4 99. Qc7 Nxe3 100. Qc8+ Kf7 101. Qd7+ Kf8 102. Qd8+ Kf7 103. Qd7+ Qe7 0-1

[Event "BL2-Nord 1213"]
[Site "Germany"]
[Date "2013.03.17"]
[Round "8.7"]
[White "Sarbok, Torsten"]
[Black "Lampe, Dirk"]
[Result "1-0"]
[WhiteElo "2373"]
[BlackElo "2245"]
[PlyCount "73"]
[EventDate "2012.10.14"]
[EventType "team-tourn"]
[EventRounds "9"]
[EventCountry "GER"]
[SourceTitle "CBM 154 Extra"]
[Source "ChessBase"]
[SourceDate "2013.06.25"]
[SourceVersion "2"]
[SourceVersionDate "2013.06.25"]
[SourceQuality "1"]
[WhiteTeam "Berlin Koenig Tegel"]
[BlackTeam "Luebeck"]
[WhiteTeamCountry "GER"]
[BlackTeamCountry "GER"]

1. e4 c5 2. Nf3 Nc6 3. Bb5 g6 4. 0-0 Bg7 5. Re1 Nf6 6. c3 0-0 7. h3 e5 8. d4 exd4 9. cxd4 cxd4 10. Nxd4 Qb6 11. Bxc6 dxc6 12. Nf3 Re8 13. Nc3 h6 14. Qc2 Qa5 15. Bf4 Qh5 16. e5 Nd5 17. Nxd5 cxd5 18. Qb3 Be6 19. Qxb7 Bxh3 20. Qxd5 Red8 21. Qe4 Bf5 22. Qe2 g5 23. Bg3 Rd5 24. Rad1 Rad8 25. Rxd5 Rxd5 26. Qe3 Qg4 27. Qxa7 Kh7 28. Qxf7 Be6 29. Qe7 Rd7 30. Qe8 Bf7 31. Qc8 Be6 32. Qc2+ Kg8 33. Rd1 h5 34. Rxd7 Bxd7 35. e6 Bxe6 36. Be5 Bd5 37. Qg6 1-0

[Event "BL2-Nord 1213"]
[Site "Germany"]
[Date "2012.11.25"]
[Round "3.7"]
[White "Skibbe, Willi"]
[Black "Sarbok, Torsten"]
[Result "0-1"]
[WhiteElo "2251"]
[BlackElo "2373"]
[PlyCount "80"]
[EventDate "2012.10.14"]
[EventType "team-tourn"]
[EventRounds "9"]
[EventCountry "GER"]
[SourceTitle "CBM 154 Extra"]
[Source "ChessBase"]
[SourceDate "2013.06.25"]
[SourceVersion "2"]
[SourceVersionDate "2013.06.25"]
[SourceQuality "1"]
[WhiteTeam "Rostock SSC 07"]
[BlackTeam "Berlin Koenig Tegel"]
[WhiteTeamCountry "GER"]
[BlackTeamCountry "GER"]

1. c4 e5 2. g3 Nf6 3. Bg2 d5 4. cxd5 Nxd5 5. Nc3 Nb6 6. Nf3 Nc6 7. 0-0 Be7 8. a3 0-0 9. b4 a6 10. Bb2 Nc4 11. Bc1 Re8 12. d3 Nd6 13. Bb2 Bf8 14. Rc1 f6 15. Nd2 Nd4 16. e3 Ne6 17. Qb3 Kh8 18. Rfd1 c6 19. a4 Nc7 20. Ba3 Bg4 21. Nf3 Qd7 22. Rd2 Qf5 23. Nh4 Qh5 24. b5 axb5 25. Bxd6 Bxd6 26. axb5 g5 27. Ne4 Be7 28. bxc6 b5 29. d4 gxh4 30. d5 h3 31. d6 hxg2 32. dxc7 Bf3 33. Nd6 Bxd6 34. Rxd6 Qg6 35. Qxb5 Qc2 36. Qb1 Qxb1 37. Rxb1 Kg7 38. h3 Rec8 39. Rd7+ Kg6 40. Rc1 Ra7 0-1

[Event "BL2-Nord 1213"]
[Site "Germany"]
[Date "2012.10.14"]
[Round "1.6"]
[White "Sarbok, Torsten"]
[Black "Meyner, Hannes"]
[Result "1-0"]
[WhiteElo "2373"]
[BlackElo "2239"]
[PlyCount "65"]
[EventDate "2012.10.14"]
[EventType "team-tourn"]
[EventRounds "9"]
[EventCountry "GER"]
[SourceTitle "CBM 154 Extra"]
[Source "ChessBase"]
[SourceDate "2013.06.25"]
[SourceVersion "2"]
[SourceVersionDate "2013.06.25"]
[SourceQuality "1"]
[WhiteTeam "Berlin Koenig Tegel"]
[BlackTeam "Kassel"]
[WhiteTeamCountry "GER"]
[BlackTeamCountry "GER"]

1. e4 c6 2. d4 d5 3. exd5 cxd5 4. Bd3 Nc6 5. c3 Nf6 6. h3 g6 7. Nf3 Bg7 8. Qc2 0-0 9. 0-0 Qc7 10. Re1 Nh5 11. Be3 Nf4 12. Bf1 e5 13. Qd2 Nh5 14. Nxe5 Nxe5 15. dxe5 Bxe5 16. Qxd5 Bd7 17. Qc5 Bc6 18. Bb5 Rfd8 19. Bxc6 bxc6 20. Nd2 Rab8 21. Nc4 Rd5 22. Qxa7 Rb7 23. Qa4 Bf6 24. Qc2 Nf4 25. Qe4 Nd3 26. Re2 Qd8 27. Rd2 Re7 28. Qf3 Re6 29. Rad1 Bg7 30. Bb6 Qd7 31. Rxd3 Rxd3 32. Rxd3 Re1+ 33. Kh2 1-0

[Event "EU-ch 13th"]
[Site "Plovdiv"]
[Date "2012.03.30"]
[Round "10"]
[White "Barta, Jozsef"]
[Black "Sarbok, Torsten"]
[Result "0-1"]
[WhiteElo "2148"]
[BlackElo "2349"]
[PlyCount "82"]
[EventDate "2012.03.20"]
[EventType "swiss"]
[EventRounds "11"]
[EventCountry "BUL"]
[SourceTitle "CBM 148"]
[Source "ChessBase"]
[SourceDate "2012.05.16"]
[SourceVersion "1"]
[SourceVersionDate "2012.05.16"]
[SourceQuality "1"]

1. e4 c5 2. Nf3 d6 3. Bb5+ Nd7 4. 0-0 a6 5. Bxd7+ Bxd7 6. c3 e6 7. d4 Nf6 8. e5 dxe5 9. Nxe5 cxd4 10. Qxd4 Bb5 11. Qxd8+ Rxd8 12. c4 Bd7 13. Nxd7 Rxd7 14. Nd2 Bd6 15. Nf3 Ke7 16. Be3 Rhd8 17. Bb6 Rc8 18. b3 Bc5 19. Bxc5+ Rxc5 20. Rfd1 b5 21. cxb5 Rxd1+ 22. Rxd1 axb5 23. a4 bxa4 24. bxa4 Ra5 25. Ra1 Nd7 26. Nd4 Ra6 27. Kf1 Nc5 28. a5 e5 29. Nf3 Ke6 30. Nd2 f6 31. Ke2 Kd5 32. Rd1 Kc6 33. Nc4 Kb5 34. Nd6+ Kxa5 35. Rd5 Kb4 36. f3 Ne6 37. Ke3 Nd4 38. f4 Rxd6 39. Rxd6 Nf5+ 40. Ke4 Nxd6+ 41. Kd5 e4 0-1

[Event "EU-ch 13th"]
[Site "Plovdiv"]
[Date "2012.03.29"]
[Round "9"]
[White "Sarbok, Torsten"]
[Black "Diermair, Andreas"]
[Result "0-1"]
[WhiteElo "2349"]
[BlackElo "2416"]
[PlyCount "98"]
[EventDate "2012.03.20"]
[EventType "swiss"]
[EventRounds "11"]
[EventCountry "BUL"]
[SourceTitle "CBM 148"]
[Source "ChessBase"]
[SourceDate "2012.05.16"]
[SourceVersion "1"]
[SourceVersionDate "2012.05.16"]
[SourceQuality "1"]

1. e4 c6 2. d4 d5 3. Nd2 dxe4 4. Nxe4 Bf5 5. Ng3 Bg6 6. Nf3 Nd7 7. Bd3 e6 8. 0-0 Ngf6 9. Re1 Bd6 10. Nf5 Bxf5 11. Bxf5 0-0 12. Bd3 Qc7 13. c3 c5 14. g3 cxd4 15. Nxd4 a6 16. Bf1 Rfe8 17. Bg2 Rad8 18. Qe2 Ne5 19. Bg5 Ned7 20. Qf3 Rb8 21. Rad1 h6 22. Bc1 Bc5 23. Qe2 Rbc8 24. Nc2 Qb6 25. a3 a5 26. Nd4 a4 27. Bf1 e5 28. Nf5 e4 29. Bf4 Ne5 30. Bxe5 Rxe5 31. Ne3 Bxe3 32. fxe3 h5 33. Rd4 h4 34. gxh4 Rh5 35. Rxe4 Nxe4 36. Qxh5 Qxb2 37. Re2 Qxc3 38. Qd5 Re8 39. Qxb7 Qxa3 40. Qb5 Qe7 41. Qc6 Rd8 42. Rg2 a3 43. h5 Qe5 44. h6 g6 45. Qc4 Ng5 46. Qb3 Nh3+ 47. Kh1 Qf5 48. Be2 a2 49. Qxa2 Rd1+ 0-1

[Event "EU-ch 13th"]
[Site "Plovdiv"]
[Date "2012.03.27"]
[Round "7"]
[White "Sarbok, Torsten"]
[Black "Benidze, Davit"]
[Result "0-1"]
[WhiteElo "2349"]
[BlackElo "2530"]
[PlyCount "120"]
[EventDate "2012.03.20"]
[EventType "swiss"]
[EventRounds "11"]
[EventCountry "BUL"]
[SourceTitle "CBM 148"]
[Source "ChessBase"]
[SourceDate "2012.05.16"]
[SourceVersion "1"]
[SourceVersionDate "2012.05.16"]
[SourceQuality "1"]

1. e4 c5 2. Nf3 d6 3. Bb5+ Nd7 4. d4 a6 5. Bxd7+ Bxd7 6. 0-0 cxd4 7. Qxd4 Rc8 8. Nc3 e5 9. Qd3 h6 10. a4 Nf6 11. Be3 Be6 12. Nd2 Qc7 13. a5 Be7 14. Rfc1 Qc6 15. Na4 d5 16. exd5 Nxd5 17. Nb6 Nxe3 18. Qxe3 Rd8 19. Nf3 f6 20. c4 Bc5 21. Qc3 Bxb6 22. axb6 Qxb6 23. b4 0-0 24. c5 Qc6 25. h3 Bd5 26. Nh4 Rd7 27. Rd1 Be6 28. Rd3 Rfd8 29. Rad1 Qe4 30. Rxd7 Rxd7 31. Rxd7 Bxd7 32. Nf3 Bc6 33. Ne1 Kf7 34. f3 Qd5 35. Kf2 Ke6 36. Ke3 Bb5 37. f4 Qd1 38. fxe5 fxe5 39. Kf2 Qd4+ 40. Qe3 Qxb4 41. Nf3 Qb2+ 42. Kg3 Bc6 43. Qd3 Bxf3 44. Qd6+ Kf5 45. gxf3 Qd4 46. Qf8+ Kg6 47. Kg2 Qd2+ 48. Kg1 Qd7 49. Kg2 a5 50. h4 Qd2+ 51. Kh3 Qf4 52. Qd6+ Kh5 53. Qd5 Qxh4+ 54. Kg2 Qg5+ 55. Kh3 Qf5+ 56. Kg3 Qg5+ 57. Kh3 Qe7 58. Kg3 Kg6 59. Kg2 Kf6 60. Kg3 Qc7 0-1

[Event "EU-ch 13th"]
[Site "Plovdiv"]
[Date "2012.03.22"]
[Round "3"]
[White "Sarbok, Torsten"]
[Black "Stefanova, Antoaneta"]
[Result "1/2-1/2"]
[WhiteElo "2349"]
[BlackElo "2531"]
[PlyCount "145"]
[EventDate "2012.03.20"]
[EventType "swiss"]
[EventRounds "11"]
[EventCountry "BUL"]
[SourceTitle "CBM 148"]
[Source "ChessBase"]
[SourceDate "2012.05.16"]
[SourceVersion "1"]
[SourceVersionDate "2012.05.16"]
[SourceQuality "1"]

1. e4 c6 2. d4 d5 3. Nd2 dxe4 4. Nxe4 Bf5 5. Ng3 Bg6 6. Nf3 Nd7 7. Bd3 e6 8. 0-0 Bd6 9. Re1 Ne7 10. Bxg6 hxg6 11. Ne4 Nf6 12. Neg5 Nh7 13. Nxh7 Rxh7 14. h3 Nf5 15. c4 Kf8 16. Qb3 Qb6 17. Qxb6 axb6 18. Bd2 Be7 19. Bc3 Bf6 20. Red1 Rd8 21. a4 Nd6 22. c5 bxc5 23. dxc5 Ne4 24. Rxd8+ Bxd8 25. Bd4 Ba5 26. b4 Bxb4 27. Rb1 Bxc5 28. Rxb7 Rh5 29. a5 Rd5 30. a6 Bxd4 31. Nxd4 Rxd4 32. a7 Rd1+ 33. Kh2 Ra1 34. f3 Nd6 35. Rb8+ Ke7 36. a8Q Rxa8 37. Rxa8 c5 38. Kg3 c4 39. Kf4 Kf6 40. Ra5 Nf5 41. Ke4 g5 42. g4 Nd6+ 43. Kd4 Nc8 44. Kxc4 Ne7 45. Kd3 Nd5 46. Ke4 Nc3+ 47. Ke3 Nd5+ 48. Kf2 Nf4 49. Kg3 Ne2+ 50. Kh2 Nf4 51. Ra2 e5 52. Ra6+ Ke7 53. Kg3 Ne2+ 54. Kh2 Nf4 55. Ra8 f6 56. Ra7+ Kf8 57. Ra2 Kf7 58. Kg3 Ng6 59. Rh2 Ke6 60. Kf2 Kf7 61. Ke3 Kg8 62. Ke4 Kf7 63. Kd5 Ke7 64. Rh1 Nh4 65. Ke4 Kf7 66. Ra1 Ng2 67. Ra7+ Kg8 68. Kd5 Nf4+ 69. Kd6 Kf8 70. Ra8+ Kf7 71. Ra7+ Kf8 72. Ra8+ Kf7 73. Ra7+ 1/2-1/2

[Event "Bundesliga 1112"]
[Site "Germany"]
[Date "2012.02.05"]
[Round "9.8"]
[White "Vogt, Lothar"]
[Black "Sarbok, Torsten"]
[Result "0-1"]
[WhiteElo "2410"]
[BlackElo "2349"]
[PlyCount "104"]
[EventDate "2011.10.14"]
[EventType "team-tourn"]
[EventRounds "15"]
[EventCountry "GER"]
[SourceTitle "CBM 148"]
[Source "ChessBase"]
[SourceDate "2012.05.16"]
[SourceVersion "1"]
[SourceVersionDate "2012.05.16"]
[SourceQuality "1"]
[WhiteTeam "Eppingen"]
[BlackTeam "Koenig Tegel"]
[WhiteTeamCountry "GER"]
[BlackTeamCountry "GER"]

1. e4 c6 2. d4 d5 3. exd5 cxd5 4. c4 Nf6 5. Nc3 e6 6. Nf3 Be7 7. Bd3 dxc4 8. Bxc4 0-0 9. 0-0 Nc6 10. a3 a6 11. Be3 b5 12. Bb3 Na5 13. Ba2 Bb7 14. Ne5 Nd5 15. Rc1 Nb6 16. Qe2 Rc8 17. Rfd1 Nac4 18. Bf4 Bg5 19. Bxg5 Qxg5 20. f3 Rfd8 21. Nxc4 Nxc4 22. a4 Ne3 23. Re1 Nf5 24. d5 exd5 25. axb5 axb5 26. Qxb5 Nh4 27. Qf1 Ba6 28. f4 Bxf1 29. fxg5 Bxg2 30. Nxd5 Rb8 31. Red1 Kf8 32. b4 Bf3 33. Rd4 Bxd5 34. Rxd5 Nf3+ 35. Kf2 Rxd5 36. Bxd5 Nxg5 37. h4 Ne6 38. Bxe6 fxe6 39. Rb1 Ke7 40. Kf3 Rb5 41. Kg4 g6 42. Kf4 Kd6 43. Kg4 Kc6 44. Kf4 Rf5+ 45. Kg4 Kb5 46. Rb2 e5 47. Kg3 h5 48. Rb1 e4 49. Rb3 Kc4 50. Rb1 e3 51. b5 e2 52. Kg2 Rxb5 0-1

[Event "BL2-Nord 1011"]
[Site "Germany"]
[Date "2011.01.16"]
[Round "5.7"]
[White "Mueller, Michael"]
[Black "Sarbok, Torsten"]
[Result "1/2-1/2"]
[WhiteElo "2238"]
[BlackElo "2347"]
[PlyCount "89"]
[EventDate "2010.10.10"]
[EventType "team-tourn"]
[EventRounds "9"]
[EventCountry "GER"]
[SourceTitle "EXT 2012"]
[Source "ChessBase"]
[SourceDate "2011.11.24"]
[SourceVersion "1"]
[SourceVersionDate "2011.11.24"]
[SourceQuality "1"]
[WhiteTeam "Pankow Rotation"]
[BlackTeam "Koenig Tegel"]
[WhiteTeamCountry "GER"]
[BlackTeamCountry "GER"]

1. d4 Nf6 2. c4 e6 3. Nc3 d5 4. Bg5 Be7 5. e3 Nbd7 6. Nf3 0-0 7. Qc2 h6 8. Bh4 a6 9. cxd5 exd5 10. Bd3 c6 11. 0-0 Re8 12. Rfe1 Ne4 13. Bxe7 Qxe7 14. Nd2 Nxd2 15. Qxd2 Nf8 16. Rab1 Be6 17. b4 Nd7 18. a4 Nb6 19. b5 cxb5 20. axb5 a5 21. e4 Qd7 22. e5 Bf5 23. Ra1 Bxd3 24. Qxd3 Rec8 25. f4 Qg4 26. Rf1 a4 27. Ne2 Nc4 28. Rf3 Nb2 29. Qd2 Nc4 30. Qd3 Nb2 31. Qd2 a3 32. h3 Qf5 33. Ng3 Qd7 34. f5 Kh7 35. e6 fxe6 36. fxe6 Qxe6 37. Rfxa3 Rxa3 38. Rxa3 Nc4 39. Qd3+ Qg6 40. Qxg6+ Kxg6 41. Rb3 Nd6 42. b6 Rc2 43. Re3 Nc4 44. Re7 Rb2 45. Rxb7 1/2-1/2